| 000 | 00528nam a22001457a 4500 | ||
|---|---|---|---|
| 008 | 090729t xxu||||| |||| 00| 0 eng d | ||
| 020 | _a977019297ْ | ||
| 082 |
_222 _a364.131 _bم ج ى |
||
| 245 |
_aالإرهاب وأمريكا والإسلام من يطفىء النار/ _cوحيد عبد المجيد |
||
| 260 |
_aالقاهرة: _bالهيئة المصرية العامة للكتاب، _c2004 |
||
| 300 | 3 |
_a327 ؛ ص _c20سم |
|
| 490 | _aالأعمال الخاصة | ||
| 650 |
_9494 _aالارهاب |
||
| 942 |
_2ddc _cBB |
||
| 999 |
_c12478 _d12478 |
||